Statistics for Bloody Hard General Knowledge Quiz

Click here to take the quiz!

General Stats

  • This quiz has been taken 101 times
  • The average score is 3 of 15

Answer Stats

HintAnswer% Correct
Trent Bridge is a cricket ground in which English city?Nottingham
52%
Who composed the New World Symphony?Antonin Dvorak
39%
Who is the only actor to win 3 Leading Actor Academy Awards(Oscars)?Daniel Day Lewis
34%
What does a selenographer study?The Moon
32%
Which empire did Emperor Nikephoras II Phokas rule between 963 AD-969AD?Byzantine
28%
Who was the first post-world war 2 German chancellor?Konrad Adenauer
20%
Under what name was the French/Swiss architect Charles Edouard Jeanneret Gris better known?Le Corbusier
19%
In 1570 Pope Pius V issued a papal bull Regnans in Excelsis resulting in the excommunication of whom?Elizabeth I
16%
Which is the 2nd oldest air force in the world?RAAF
15%
Which footballer holds the record for the most goals scored during a single FIFA World Cup Finals?Just Fontaine
15%
Who won the first ever FA Cup Final in 1872?Wanderers
15%
Who is the main protagonist in The Witcher books/game series?Geralt of Rivia
13%
Which sub-alpine mountain range separates the Rhine & Rhone basins?Jura
6%
Which Dutch-American astronomer is considered by many to be the father of modern planetary science?Gerard Kuiper
5%
Who was the the last General Secretary of the Central Commitee of The Communist Party of the Soviet Union succeeding Mikhail Gorbachev for 5 days before the party was banned?Vladimir Ivashko
3%

Score Distribution

Percentile by Number Answered

Percent of People with Each Score

Your Score History

You have not taken this quiz